Death, memory and material culture

Αποθηκεύτηκε σε:
Λεπτομέρειες βιβλιογραφικής εγγραφής
Κύριος συγγραφέας: Hallam, Elizabeth
Άλλοι συγγραφείς: Hockey, Jenny
Μορφή: Βιβλίο
Γλώσσα:English
Δημοσίευση: Oxford : Berg, 2001
Σειρά:Materializing culture
Θέματα:
Ετικέτες: Προσθήκη ετικέτας
Δεν υπάρχουν, Καταχωρήστε ετικέτα πρώτοι!

MARC

LEADER 00000nam a2200000 i 4500
001 1/31196
008 030129s2001 eng d
020 |a 1-85973-379-4 
035 |l 10069115 
040 |a GR-MY-UA  |b gre  |e aacr 
041 0 |a eng 
082 0 |a 306.9 
100 1 |a Hallam, Elizabeth. 
245 1 0 |a Death, memory and material culture /  |c Elizabeth Hallam and Jenny Hockey 
260 |a Oxford :   |b Berg,   |c 2001 
300 |a 249 p.;  |b ill.;  |c 25 cm. 
490 1 |a Materializing culture 
504 |a Includes bibliographical references 
650 0 0 |a Death. 
650 0 0 |a Memory. 
650 0 0 |a Memorials. 
650 0 0 |a Funeral rites and ceremonies. 
700 1 |a Hockey, Jenny. 
830 0 |a Materializing culture 
852 |a INST  |b LESVOS  |e 20030129  |h 306.9 HAL  |p 005100025009  |q 005100025009  |t BK  |y 0 
901 |a BIBL1-2003-1 
909 |a Λ  |b 103119 
922 |a 1ΕΛΗ  |b 200212  |c ΕΠΕΑΕΚ2/ΤΚΑ  |d ΠΑΠΑΣΩΤΗΡΙΟΥ 
950 |a 117-2002-09-19 
970 |a ΚΑΜΑΤΣΟΥ  |b ΔΕΣΠΟΙΝΑ  |z 2003/02/07